Sociología de Marcel Mauss
Guardat en:
| Autor principal: | |
|---|---|
| Format: | Llibre |
| Idioma: | espanyol |
| Publicat: |
Barcelona
Península
1970
|
| Col·lecció: | Historia, Ciencia, Sociedad, 63
|
| Matèries: | |
| Etiquetes: |
Afegir etiqueta
Sense etiquetes, Sigues el primer a etiquetar aquest registre!
|
MARC
| LEADER | 00000nam a2200000 a 4500 | ||
|---|---|---|---|
| 001 | UCR1091 | ||
| 003 | CL-VaPUC | ||
| 005 | 20211221074206.0 | ||
| 008 | 971212e19700000SP |||||||||||||||||spa|d | ||
| 999 | |c 264583 |d 264581 | ||
| 040 | |c Pontificia Universidad Católica de Valparaíso | ||
| 082 | 0 | 4 | |a 301 |b CAZ |2 21 |
| 100 | 0 | |a Cazeneuve, Jean |e author |9 397904 | |
| 245 | 1 | 0 | |a Sociología de Marcel Mauss |
| 260 | |a Barcelona |b Península |c 1970 | ||
| 300 | |a 138 p | ||
| 490 | 0 | |a Historia, Ciencia, Sociedad, 63 | |
| 583 | |a last modification |c 19971212 00:00:00 |k Rodrigo Vera | ||
| 600 | |a Mauss, Marcel, |d 1872-1950 |9 864006 | ||
| 650 | 0 | |a Sociología |9 255410 | |
| 650 | 0 | |a Sociedad |9 307903 | |
| 650 | 0 | |a Política |9 255312 | |
| 650 | 0 | |a Religión |9 255164 | |
| 650 | 7 | |a ESTRUCTURA SOCIAL |2 CL-VaPUC |9 397906 | |
| 942 | |c BK |2 ddc | ||
| 945 | |d 19971212 00:00:00 |a rleighto | ||
| 952 | |0 0 |1 0 |4 0 |6 301_000000000000000_CAZ_1970 |7 0 |8 A |9 294886 |a BIBGIM |b BIBGIM |d 2019-11-19 |i 3371654 |o 301 CAZ 1970 |p 3371654 |r 2025-01-15 |w 2019-11-19 |y BK |k COM | ||